[Event "World Rapid Women 2018"]
[Site "St Petersburg RUS"]
[Date "2018.12.28"]
[Round "11.42"]
[White "Yurasova, Daria"]
[Black "Badelka, Olga"]
[Result "1/2-1/2"]
[BlackTitle "WIM"]
[WhiteElo "2190"]
[BlackElo "2385"]
[WhiteFideId "34146919"]
[BlackFideId "13509926"]
[EventDate "2018.12.26"]

1. d4 d5 2. Nf3 Nf6 3. g3 c5 4. Bg2 cxd4 5. Nxd4 e5 6. Nf3 d4 7. O-O Nc6 8. c3
Be7 9. cxd4 exd4 10. Nbd2 Bf5 11. Nb3 d3 12. exd3 Bxd3 13. Re1 O-O 14. Nfd4 Nxd4
15. Qxd3 Nc6 16. Qxd8 Bxd8 17. Bg5 Bb6 18. Bxf6 gxf6 19. Bxc6 bxc6 20. Rac1 Rfe8
21. Kf1 Rxe1+ 22. Kxe1 Re8+ 23. Kf1 Re6 24. Nc5 Re7 25. Na4 Re6 26. Nc5 Rd6 27.
Ne4 Rd4 28. Nxf6+ Kg7 29. Nh5+ Kh6 30. Nf4 Rd2 31. Rxc6+ Kg7 32. Nh3 Rxb2 33. a4
Rb4 34. Nf4 Rxa4 35. Nd5 Bd4 36. Ne7 f6 37. Nf5+ Kg6 38. Nxd4 Rxd4 39. Ra6 Rd7
40. Ra5 Re7 41. Kg2 h5 42. h4 Rb7 43. Kf3 Rc7 44. Kg2 1/2-1/2

[Event "World Rapid Women 2018"]
[Site "St Petersburg RUS"]
[Date "2018.12.28"]
[Round "11.43"]
[White "Vasilevich, Irina"]
[Black "Smirnova, Ekaterina"]
[Result "1-0"]
[WhiteTitle "IM"]
[BlackTitle "WFM"]
[WhiteElo "2258"]
[BlackElo "2192"]
[WhiteFideId "4141296"]
[BlackFideId "4110943"]
[EventDate "2018.12.26"]

1. c4 c6 2. Nc3 d5 3. e3 Nf6 4. Nf3 e6 5. b3 c5 6. cxd5 exd5 7. Bb5+ Nc6 8. O-O
Bd6 9. d4 O-O 10. dxc5 Bxc5 11. Bxc6 bxc6 12. Qc2 Bd6 13. h3 Bb7 14. Bb2 Rc8 15.
e4 dxe4 16. Nxe4 Nxe4 17. Qxe4 Qe7 18. Qd4 f6 19. Rfe1 Qc7 20. Rad1 Rcd8 21. Qg4
c5 22. Nh4 Bc8 23. Nf5 Bxf5 24. Qxf5 Kh8 25. Rd5 Be7 26. Ba3 Rxd5 27. Qxd5 h6
28. Qe6 Bd6 29. Rd1 Rd8 30. g3 a6 31. Qe3 Be7 32. Rc1 Rc8 33. Rc4 Bf8 34. Bb2
Qc6 35. Re4 Rd8 36. Kh2 Qd5 37. Ba3 Qc6 38. Re6 Qb5 39. Qe1 c4 40. bxc4 Qxc4 41.
Bxf8 Rxf8 42. a3 Rd8 43. h4 Qd3 44. Re3 Qd5 45. Qe2 a5 46. Re7 Qf5 47. Ra7 Rc8
48. Kg2 Qd5+ 49. Kh2 Qf5 50. Qe3 Rc2 51. Kg1 Rc8 52. Qd2 Rc2 53. Qe3 Rc8 54. Qd2
Rc2 55. Rxa5 Qc8 56. Qd5 Rc1+ 57. Kg2 Qc2 58. Ra8+ Kh7 59. h5 Qc6 60. Qxc6 Rxc6
61. a4 Rc7 62. a5 g6 63. a6 Rc6 64. Ra7+ Kg8 65. hxg6 Rc5 66. f4 f5 67. Rf7 Ra5
68. a7 Ra3 69. Rb7 1-0

[Event "World Rapid Women 2018"]
[Site "St Petersburg RUS"]
[Date "2018.12.28"]
[Round "11.44"]
[White "Doan, Thi Van Anh"]
[Black "Atalik, Ekaterina"]
[Result "0-1"]
[WhiteTitle "WFM"]
[BlackTitle "IM"]
[WhiteElo "1950"]
[BlackElo "2447"]
[WhiteFideId "12400491"]
[BlackFideId "4130189"]
[EventDate "2018.12.26"]

1. d4 Nf6 2. Nf3 g6 3. Nc3 d5 4. Bf4 Bg7 5. e3 O-O 6. h3 c5 7. dxc5 Qa5 8. Be2
Ne4 9. O-O Nxc3 10. bxc3 Qxc5 11. Be5 Nc6 12. Bxg7 Kxg7 13. Rb1 a6 14. Qd2 b5
15. Rfd1 Rd8 16. Nd4 e5 17. Nxc6 Qxc6 18. Bf3 Be6 19. Rb4 Rac8 20. Rb3 Rd7 21.
Qe1 e4 22. Bg4 f5 23. Be2 d4 24. cxd4 Bxb3 25. cxb3 Qc3 26. Qf1 Qb2 27. a4 Rc2
28. Rb1 Qc3 29. axb5 axb5 30. Bxb5 Ra7 31. Qe1 Qxe1+ 32. Rxe1 Raa2 33. Rf1 Kf6
34. Bc4 g5 35. g3 f4 36. Bd5 fxe3 37. fxe3+ Ke7 38. Bxe4 Re2 39. Bf3 Rxe3 40.
Rf2 Ra1+ 41. Kg2 Rxb3 42. Re2+ Kd6 43. d5 Raa3 44. Re6+ Kc5 45. Rc6+ Kd4 46. Be2
Rb2 47. Kf2 Kxd5 48. Rc7 h6 49. Re7 Rbb3 50. Rh7 Rb6 51. h4 Rf6+ 52. Ke1 Rxg3
53. hxg5 hxg5 54. Rd7+ Ke5 55. Rg7 Kf4 56. Rb7 Re3 57. Rb4+ Re4 58. Rb3 Rfe6 59.
Rf3+ Kg4 60. Rf2+ Rxe2+ 61. Rxe2 Rxe2+ 62. Kxe2 Kg3 63. Kf1 Kh2 0-1

[Event "World Rapid Women 2018"]
[Site "St Petersburg RUS"]
[Date "2018.12.28"]
[Round "11.45"]
[White "Guseva, Marina"]
[Black "Afonasieva, Anna"]
[Result "1-0"]
[WhiteTitle "IM"]
[BlackTitle "WFM"]
[WhiteElo "2408"]
[BlackElo "2207"]
[WhiteFideId "4149351"]
[BlackFideId "24173606"]
[EventDate "2018.12.26"]

1. d4 d5 2. c4 c6 3. Nc3 Nf6 4. e3 e6 5. Nf3 Nbd7 6. Bd3 dxc4 7. Bxc4 b5 8. Bd3
Bd6 9. O-O O-O 10. b3 Bb7 11. Bb2 a6 12. a4 b4 13. Ne4 Nxe4 14. Bxe4 Nf6 15. Bc2
c5 16. dxc5 Bxc5 17. Ng5 h6 18. Bxf6 Qxf6 19. Nh7 Qh4 20. Nxf8 Rxf8 21. Qe2 Bd6
22. f4 Rc8 23. Rad1 Bc5 24. Bd3 a5 25. Kh1 Rd8 26. Bc4 g6 27. Rxd8+ Qxd8 28. e4
Qd4 29. e5 Qd8 30. h3 h5 31. Kh2 h4 32. Rd1 Qb6 33. Qg4 Bf2 34. Rd3 Bg3+ 35.
Rxg3 hxg3+ 36. Qxg3 Qd4 37. f5 Qe4 38. fxg6 fxg6 39. Bxe6+ Kg7 40. Bg4 Bd5 41.
Bf3 Qd4 42. Bxd5 Qxd5 43. Qe3 Kf7 44. Qf4+ Ke7 45. Qf6+ Kd7 46. Qd6+ Qxd6 47.
exd6 Kxd6 48. g4 Ke5 49. h4 Kd4 50. h5 gxh5 51. gxh5 Kc3 52. h6 Kxb3 53. h7 Kxa4
54. h8=Q Kb3 55. Qh3+ Ka2 56. Qd7 Ka3 57. Qd1 b3 58. Qa1+ Kb4 59. Kg2 a4 60. Kf2
a3 61. Qd4+ Kb5 62. Qc3 b2 63. Qb3+ 1-0

[Event "World Rapid Women 2018"]
[Site "St Petersburg RUS"]
[Date "2018.12.28"]
[Round "11.46"]
[White "Stetsko, Lanita"]
[Black "Mamedjarova, Zeinab"]
[Result "1/2-1/2"]
[WhiteTitle "FM"]
[BlackTitle "WGM"]
[WhiteElo "2194"]
[BlackElo "2338"]
[WhiteFideId "13505300"]
[BlackFideId "13401521"]
[EventDate "2018.12.26"]

1. e4 e5 2. Nf3 Nf6 3. Nxe5 d6 4. Nf3 Nxe4 5. Nc3 Nxc3 6. dxc3 Nc6 7. Be3 Be6 8.
Qd2 Be7 9. O-O-O Qd7 10. Kb1 O-O-O 11. h3 h6 12. Nd4 a6 13. Nxe6 fxe6 14. f4 d5
15. Bd3 Bf6 16. g4 Kb8 17. g5 hxg5 18. fxg5 Be7 19. h4 e5 20. Be4 d4 21. cxd4
Nxd4 22. Bxd4 exd4 23. Qd3 Qg4 24. Rdg1 Qf4 25. Rf1 Qg4 26. Rfg1 Qf4 27. Rf1 Qg4
28. Rfg1 Qf4 1/2-1/2

[Event "World Rapid Women 2018"]
[Site "St Petersburg RUS"]
[Date "2018.12.28"]
[Round "11.47"]
[White "Buksa, Nataliya"]
[Black "Strutinskaia, Galina"]
[Result "1-0"]
[WhiteTitle "IM"]
[BlackTitle "WGM"]
[WhiteElo "2410"]
[BlackElo "2201"]
[WhiteFideId "14123622"]
[BlackFideId "4108558"]
[EventDate "2018.12.26"]

1. d4 e6 2. e4 d5 3. e5 c5 4. c3 Qb6 5. Nf3 Bd7 6. Bd3 Bb5 7. dxc5 Bxc5 8. O-O
Nc6 9. b4 Bf8 10. Be3 Qa6 11. Bxb5 Qxb5 12. a4 Qc4 13. Na3 Qg4 14. Nb5 Rc8 15.
Nxa7 Nxa7 16. Bxa7 Ne7 17. a5 Nc6 18. Be3 Be7 19. b5 Nd8 20. Ra4 Qh5 21. a6 O-O
22. a7 Ra8 23. c4 dxc4 24. Rxc4 f6 25. Qd7 Qe8 26. Rc7 Qxd7 27. Rxd7 Re8 28.
Rfd1 Kf8 29. Bb6 fxe5 30. Nxe5 Bf6 31. Nc4 Kg8 32. g3 h5 33. Bxd8 Rexd8 34.
Rxd8+ Bxd8 35. Rxd8+ Rxd8 36. Nb6 1-0

[Event "World Rapid Women 2018"]
[Site "St Petersburg RUS"]
[Date "2018.12.28"]
[Round "11.48"]
[White "Lelekova, Olga"]
[Black "Bogumil, Tatiana"]
[Result "1-0"]
[WhiteTitle "WIM"]
[BlackTitle "WGM"]
[WhiteElo "2261"]
[BlackElo "2114"]
[WhiteFideId "4164903"]
[BlackFideId "4110579"]
[EventDate "2018.12.26"]

1. e4 g6 2. d4 Bg7 3. Nc3 c6 4. Be3 d6 5. Bc4 b5 6. Bb3 a5 7. a3 Nf6 8. Nf3 O-O
9. O-O Qc7 10. h3 Nbd7 11. Qc1 Bb7 12. Ng5 Nb6 13. e5 Nfd5 14. f4 h6 15. Nge4
Nxe3 16. Qxe3 Nc4 17. Qf2 d5 18. Bxc4 bxc4 19. Nc5 e6 20. g4 Bc8 21. Nd1 Rb8 22.
c3 Qe7 23. Ne3 f6 24. exf6 Bxf6 25. Ng2 e5 26. fxe5 Bg7 27. Qc2 Kh7 28. Rxf8
Bxf8 29. Rf1 Qg7 30. e6 Qg8 31. Rf7+ Kh8 32. Qf2 Bxc5 33. Qf6+ 1-0

[Event "World Rapid Women 2018"]
[Site "St Petersburg RUS"]
[Date "2018.12.28"]
[Round "11.50"]
[White "Belenkaya, Dina"]
[Black "Semenova, Elena1"]
[Result "1-0"]
[WhiteTitle "WGM"]
[BlackTitle "WIM"]
[WhiteElo "2338"]
[BlackElo "2260"]
[WhiteFideId "24142654"]
[BlackFideId "24125148"]
[EventDate "2018.12.26"]

1. e4 e5 2. Nf3 Nc6 3. Nc3 Nf6 4. d4 Bb4 5. Nxe5 Qe7 6. Nxc6 Qxe4+ 7. Be2 Bxc3+
8. bxc3 dxc6 9. O-O O-O 10. Bf3 Qh4 11. Rb1 Rb8 12. Bxc6 Be6 13. g3 Qh3 14. Bg2
Qf5 15. Re1 Bxa2 16. Ra1 Bc4 17. Rxa7 Rfe8 18. Rxb7 Rxe1+ 19. Qxe1 Re8 20. Be3
Nd5 21. Qd2 Ra8 22. Rb1 h5 23. Bf1 Bxf1 24. Rxf1 Ra2 25. Rc1 h4 26. Qd3 Qf3 27.
Bg5 Qxd3 28. cxd3 h3 29. Kf1 f6 30. Bf4 g5 31. c4 Nb4 32. Be3 Nxd3 33. Rb1 Nb2
34. c5 Nc4 35. Bc1 Kf7 36. d5 Nd2+ 37. Bxd2 Rxd2 38. Rb7 Rxd5 39. Rxc7+ Ke6 40.
Ke2 Re5+ 41. Kd3 Rf5 42. Ke3 Re5+ 43. Kf3 f5 44. g4 f4 45. Rc8 Kd7 46. Rh8 Rxc5
47. Rxh3 Rc3+ 48. Kg2 Rxh3 49. Kxh3 Ke6 50. Kg2 Kd5 51. h4 gxh4 52. Kh3 Ke4 53.
g5 1-0

[Event "World Rapid Women 2018"]
[Site "St Petersburg RUS"]
[Date "2018.12.28"]
[Round "11.51"]
[White "Charochkina, Daria"]
[Black "Goltseva, Ekaterina"]
[Result "0-1"]
[WhiteTitle "IM"]
[BlackTitle "WFM"]
[WhiteElo "2344"]
[BlackElo "2153"]
[WhiteFideId "4180917"]
[BlackFideId "24173770"]
[EventDate "2018.12.26"]

1. d4 d5 2. Bf4 Nf6 3. e3 c5 4. c3 Nc6 5. Nd2 cxd4 6. exd4 Bf5 7. Ngf3 e6 8. Bb5
Be7 9. Qa4 Qb6 10. Ne5 Rc8 11. O-O O-O 12. Bxc6 bxc6 13. b4 Rfd8 14. Nb3 Ne4 15.
Rfc1 f6 16. Nd3 g5 17. Be3 Bd6 18. Nbc5 Qc7 19. h3 Qf7 20. Qd1 Bb8 21. Kf1 Kh8
22. Nxe4 Bxe4 23. Nc5 Bf5 24. Qf3 Rg8 25. g4 Bg6 26. Re1 Rce8 27. Ke2 Qg7 28. h4
gxh4 29. Rh1 f5 30. Rxh4 fxg4 31. Qg2 Bf5 32. Kd2 g3 33. f4 Bd6 34. Rah1 Qc7 35.
Rh6 Bxf4 36. Rf6 Bxe3+ 37. Kxe3 Qg7 38. Rxf5 exf5+ 39. Kd2 Qg5+ 40. Kc2 Qe3 41.
Qh3 Rg7 0-1

[Event "World Rapid Women 2018"]
[Site "St Petersburg RUS"]
[Date "2018.12.28"]
[Round "11.52"]
[White "Tsatsalashvili, Keti"]
[Black "Shaydullina, Sandugach"]
[Result "0-1"]
[WhiteTitle "WGM"]
[BlackTitle "WGM"]
[WhiteElo "2303"]
[BlackElo "2033"]
[WhiteFideId "13603434"]
[BlackFideId "4140389"]
[EventDate "2018.12.26"]

1. d4 d5 2. Nf3 e6 3. g3 f5 4. Bg2 Nf6 5. O-O Bd6 6. c4 c6 7. Nc3 O-O 8. Bf4 b6
9. Bxd6 Qxd6 10. Rc1 Nbd7 11. cxd5 exd5 12. e3 Bb7 13. Ne2 Ne4 14. Nf4 c5 15.
dxc5 bxc5 16. b3 Rac8 17. Qc2 g5 18. Nd3 c4 19. bxc4 dxc4 20. Nb2 g4 21. Nd4 Ne5
22. Rfd1 Qg6 23. Qa4 c3 24. Qb3+ Rf7 25. Na4 Nd2 26. Qe6 Nef3+ 27. Bxf3 Nxf3+
28. Kf1 Nxh2+ 29. Kg1 Nf3+ 30. Kf1 Qh5 31. Rxc3 Qh1+ 32. Ke2 Nxd4+ 33. exd4 Bf3+ 0-1

[Event "World Rapid Women 2018"]
[Site "St Petersburg RUS"]
[Date "2018.12.28"]
[Round "11.53"]
[White "Gevorgyan, Maria"]
[Black "Bezgodova, Svetlana"]
[Result "0-1"]
[WhiteTitle "WIM"]
[BlackTitle "WIM"]
[WhiteElo "2228"]
[BlackElo "2046"]
[WhiteFideId "13300270"]
[BlackFideId "4110650"]
[EventDate "2018.12.26"]

1. e4 e5 2. Nf3 Nc6 3. Bc4 Bc5 4. c3 Nf6 5. d3 a6 6. Bb3 Ba7 7. O-O d6 8. h3 Be6
9. Nbd2 h6 10. Re1 Qd7 11. Nf1 O-O 12. N3h2 d5 13. Qe2 Rad8 14. Bc2 b5 15. Qf3
dxe4 16. dxe4 Qe7 17. g4 Kh8 18. g5 Ng8 19. Ng3 g6 20. gxh6 Qh4 21. Bd3 Bxh3 22.
Bf1 Rd6 23. Nf5 Bxf5 24. exf5 gxf5 25. Be3 Bxe3 26. Rxe3 Rxh6 27. Bh3 f4 28. Rd3
Nge7 29. Nf1 Rg8+ 30. Kh2 f5 31. Nd2 e4 32. Nxe4 fxe4 33. Qxe4 Qxf2+ 34. Kh1
Rhg6 35. Qe1 Qxe1+ 36. Rxe1 Rg3 37. Rxg3 Rxg3 38. Bd7 Re3 39. Rxe3 fxe3 40. Kg2
Ne5 41. Be6 N7g6 42. Kf1 Nf4 43. Bf5 Kg7 44. Bc2 Ned3 45. Bxd3 Nxd3 46. Ke2 Nxb2
47. Kxe3 Na4 48. Kd4 c5+ 49. Kd3 c4+ 0-1

[Event "World Rapid Women 2018"]
[Site "St Petersburg RUS"]
[Date "2018.12.28"]
[Round "11.54"]
[White "Geller, Anastasiya"]
[Black "Iljushina, Olga"]
[Result "1-0"]
[WhiteTitle "WFM"]
[BlackTitle "WGM"]
[WhiteElo "2187"]
[BlackElo "2259"]
[WhiteFideId "24119059"]
[BlackFideId "4152280"]
[EventDate "2018.12.26"]

1. Nf3 c5 2. e4 Nc6 3. d4 cxd4 4. Nxd4 Nf6 5. Nc3 d6 6. g3 Qb6 7. Nb3 Bg4 8. f3
Bd7 9. Qe2 a6 10. Be3 Qc7 11. a4 e6 12. a5 Rc8 13. Bb6 Qb8 14. f4 Be7 15. Bg2
O-O 16. O-O Nb4 17. Rfd1 Bc6 18. Nd4 d5 19. exd5 Bxd5 20. Nxd5 Nfxd5 21. Bxd5
Nxd5 22. Nxe6 Nxb6 23. Nxf8 Bxf8 24. axb6 Bc5+ 25. Kg2 Re8 26. Qg4 Bxb6 27. Re1
Rc8 28. c3 Qc7 29. Rad1 Qc5 30. Re2 Rf8 31. h4 h6 32. Qf3 Qc7 33. Rde1 Bc5 34.
Qd5 Ba7 35. Re8 Bc5 36. R8e2 b5 37. Re5 Bd6 38. R5e2 Bc5 39. Kh2 Bd6 40. Kg2 Bc5
41. b3 Bb6 42. c4 bxc4 43. bxc4 Bc5 44. Rd1 a5 45. Re5 Bb4 46. c5 Rc8 47. Rc1
Ba3 48. Rc2 Bb4 49. c6 a4 50. Re4 Rd8 51. Qb5 Ba5 52. Qxa4 Bb6 53. Rce2 Kh7 54.
Re7 Qd6 55. Qe4+ g6 56. Rxf7+ Kg8 57. Rd7 Qf6 58. Qe8+ Rxe8 59. Rxe8+ Qf8 60.
Rxf8+ Kxf8 61. c7 1-0

[Event "World Rapid Women 2018"]
[Site "St Petersburg RUS"]
[Date "2018.12.28"]
[Round "11.55"]
[White "Lysenko, Margarita"]
[Black "Gvanceladze, Anna"]
[Result "1/2-1/2"]
[WhiteTitle "WFM"]
[BlackTitle "WFM"]
[WhiteElo "2190"]
[BlackElo "2264"]
[WhiteFideId "34100200"]
[BlackFideId "4113721"]
[EventDate "2018.12.26"]

1. c4 c6 2. Nf3 d5 3. g3 Nf6 4. Bg2 g6 5. O-O Bg7 6. d4 O-O 7. Qa4 Nbd7 8. cxd5
cxd5 9. Nc3 e6 10. Bf4 Nb6 11. Qb3 Nc4 12. Ne5 Nh5 13. Nxc4 dxc4 14. Qxc4 Nxf4
15. gxf4 Qxd4 16. Qxd4 Bxd4 17. Rfd1 Bg7 18. Nb5 Bxb2 19. Rab1 Bf6 20. Nd6 Rb8
21. Nxb7 Kg7 22. Nc5 Rxb1 23. Rxb1 Rd8 24. Bb7 e5 25. fxe5 Bxe5 26. Bxc8 Rxc8
27. Nd3 Bd4 28. e3 Bb6 29. Rb2 Rc3 30. Nf4 h5 31. Kg2 Rc5 32. Rd2 Ra5 33. Nd5
Bc5 34. h3 Ra3 35. Kf3 Ra5 36. Rc2 Bd6 37. Rd2 Ra4 38. Nb6 axb6 39. Rxd6 b5 40.
Rb6 b4 41. Kg3 g5 42. Kf3 f6 43. Kg3 Kg6 44. Kf3 Kf5 45. Rb5+ Kg6 46. Kg3 h4+
47. Kf3 Kf7 48. Rb6 Kg6 49. e4 Kf7 50. Kg2 Rxa2 51. Rxb4 Ke6 52. Rb5 Ra3 53. Rc5
Rd3 54. Rb5 Rc3 55. Ra5 Rc4 56. Kf3 Rc3+ 57. Kg2 Kd6 58. Rf5 Ke6 59. Ra5 Rc6 60.
Kf3 Rc3+ 61. Kg2 Kf7 62. Rb5 Kg6 63. Ra5 Rb3 64. Rc5 Rb6 65. Kf3 Re6 66. Ra5 Rb6 1/2-1/2

[Event "World Rapid Women 2018"]
[Site "St Petersburg RUS"]
[Date "2018.12.28"]
[Round "11.56"]
[White "Sukhareva, Evgeniya"]
[Black "Bulatova, Kamaliya"]
[Result "1-0"]
[BlackTitle "WFM"]
[WhiteElo "2126"]
[BlackElo "2007"]
[WhiteFideId "4167155"]
[BlackFideId "34111546"]
[EventDate "2018.12.26"]

1. d4 Nf6 2. c4 e6 3. Nf3 d5 4. Nc3 Bb4 5. cxd5 exd5 6. Bg5 O-O 7. e3 Bf5 8. Qb3
Bxc3+ 9. bxc3 Nbd7 10. Be2 c5 11. O-O Qb6 12. c4 dxc4 13. Bxc4 Qxb3 14. Bxb3
cxd4 15. Nxd4 Bd3 16. Rfd1 Ba6 17. Rac1 Ne4 18. Bh4 Ne5 19. f3 Nf6 20. Bxf6 gxf6
21. Nf5 Rad8 22. Rd4 Bd3 23. Nd6 Ba6 24. Rc7 h5 25. Nxf7 Nxf7 26. Bxf7+ Kh8 27.
Rh4 Rd1+ 28. Kf2 Rd2+ 29. Kg3 Bf1 30. Rxh5+ Kg7 31. Bb3+ Kg6 32. Rhh7 Kf5 33.
Rh5+ Kg6 34. Rhh7 Kf5 35. e4+ Ke5 36. Rhe7+ Kd4 37. Red7+ Ke3 38. Rc3+ Rd3 39.
Rcxd3+ Bxd3 40. Rxb7 f5 41. exf5 Rxf5 42. Re7+ Kd2 43. Rxa7 Rg5+ 44. Kf2 Re5 45.
Rd7 Kc3 46. g4 Re2+ 47. Kg3 Re3 48. g5 Re1 49. h4 Bf5 50. Rd5 Be6 51. Rc5+ Kd4
52. Rc7 Bf5 53. Kf4 Bg6 54. Rc6 Bh5 55. Rh6 Be8 56. Re6 1-0

[Event "World Rapid Women 2018"]
[Site "St Petersburg RUS"]
[Date "2018.12.28"]
[Round "11.57"]
[White "Loskutova, Viktoriya"]
[Black "Makarenko, Alexandra"]
[Result "1-0"]
[WhiteTitle "WFM"]
[BlackTitle "WIM"]
[WhiteElo "2105"]
[BlackElo "2228"]
[WhiteFideId "34166278"]
[BlackFideId "4165055"]
[EventDate "2018.12.26"]

1. e4 e5 2. Nf3 Nc6 3. Bb5 a6 4. Ba4 Nf6 5. O-O b5 6. Bb3 Bb7 7. Re1 Bc5 8. h3
d6 9. c3 Bb6 10. d3 Qe7 11. a4 O-O 12. Nbd2 Nh5 13. Nf1 Na5 14. Ba2 c5 15. Ne3
Nf4 16. Nf5 Qf6 17. Bxf4 exf4 18. Qd2 c4 19. Qxf4 cxd3 20. Rad1 Nc4 21. Rxd3 Bc7
22. Bxc4 bxc4 23. Rd4 Rad8 24. Rxc4 Rd7 25. Qg4 Bc8 26. N5d4 g6 27. Qg5 Qg7 28.
Nc6 Kh8 29. Nb4 Bb8 30. Nd5 Ba7 31. Rc7 Rxc7 32. Nxc7 Bb6 33. Nd5 Bd8 34. Qf4 g5
35. Qxd6 g4 36. hxg4 Bxg4 37. Qg3 Rg8 38. Ne5 Be6 39. Qxg7+ Kxg7 40. c4 Re8 41.
Nd3 a5 42. Re3 Bh4 43. g3 Bd8 44. Kg2 Bd7 45. b3 Bc6 46. Re1 f6 47. Kf3 Kf7 48.
Rh1 Kg7 49. N3f4 Bd7 50. Rd1 f5 51. exf5 Bxf5 52. Ne3 Be4+ 53. Kg4 Rg8 54. Kh3
Bg5 55. Ne6+ Kf6 56. Nxg5 Rxg5 57. g4 Rg8 58. Rd6+ Ke5 59. Ra6 Kf4 60. Rxa5 h5
61. Rxh5 Bg6 62. Rb5 Rh8+ 63. Kg2 Be4+ 64. Kf1 Kf3 65. Ke1 Rd8 66. a5 Rd3 67.
Rb8 Bg6 68. a6 Rc3 69. a7 Be4 70. Rf8+ Bf5 71. Rxf5+ 1-0

[Event "World Rapid Women 2018"]
[Site "St Petersburg RUS"]
[Date "2018.12.28"]
[Round "11.58"]
[White "Alieva, Alexandra"]
[Black "Tomashevskaya, Lidia"]
[Result "1-0"]
[WhiteTitle "WFM"]
[BlackTitle "WIM"]
[WhiteElo "2102"]
[BlackElo "2123"]
[WhiteFideId "24133353"]
[BlackFideId "4113110"]
[EventDate "2018.12.26"]

1. e4 e5 2. Nf3 Nc6 3. d4 exd4 4. Bb5 d6 5. O-O Bd7 6. Nxd4 Nxd4 7. Bxd7+ Qxd7
8. Qxd4 Ne7 9. Nc3 Nc6 10. Qc4 O-O-O 11. a4 f5 12. exf5 Qxf5 13. Nd5 Re8 14. b4
Qe4 15. Qxe4 Rxe4 16. b5 Nd4 17. Bb2 c6 18. f3 Ne2+ 19. Kf2 Re8 20. Rfe1 cxd5
21. Rxe2 Rxe2+ 22. Kxe2 Kd7 23. a5 Be7 24. Bd4 Bf6 25. Bxf6 gxf6 26. Kd3 Rc8 27.
a6 bxa6 28. bxa6 Rc6 29. Ra4 Ke6 30. c3 Rb6 31. g4 h6 32. h4 Ke5 33. f4+ Ke6 34.
Kd4 f5 35. gxf5+ Kxf5 36. Kxd5 h5 37. c4 Kf6 38. Ra1 Kf5 39. Rg1 Kxf4 40. Rg6
Rxa6 41. Rxd6 Rxd6+ 42. Kxd6 a5 43. Kc5 Ke4 44. Kb5 Kd4 45. c5 a4 46. c6 a3 47.
c7 Kc3 48. c8=Q+ Kb2 49. Qh8+ Kb1 50. Qxh5 1-0

[Event "World Rapid Women 2018"]
[Site "St Petersburg RUS"]
[Date "2018.12.28"]
[Round "11.59"]
[White "Diakonova, Ekaterina"]
[Black "Belova, Olga"]
[Result "1/2-1/2"]
[BlackTitle "WFM"]
[WhiteElo "2225"]
[BlackElo "2069"]
[WhiteFideId "24172936"]
[BlackFideId "4138422"]
[EventDate "2018.12.26"]

1. e4 e6 2. d4 d5 3. Nc3 dxe4 4. Nxe4 Nf6 5. Bd3 Nbd7 6. Nf3 Be7 7. O-O Nxe4 8.
Bxe4 Nf6 9. Bd3 b6 10. Bb5+ Bd7 11. Qe2 c6 12. Bd3 Qc7 13. c4 c5 14. dxc5 Bxc5
15. Bg5 h6 16. Bh4 g5 17. Bg3 Bd6 18. Ne5 h5 19. Qf3 Ke7 20. Nxd7 Nxd7 21. Bxd6+
Qxd6 22. Be4 Rad8 23. Rfd1 Ne5 24. Qe2 Qc5 25. Rxd8 Rxd8 26. Qxh5 Nxc4 27. b3
Qe5 28. Rc1 Nd2 29. f3 Rh8 30. Qg4 Qxh2+ 31. Kf2 Nxe4+ 32. Qxe4 Qd6 33. Rc6 Qd2+
34. Kg3 Rd8 35. Qe5 Rd7 36. a4 Qd5 37. Qxd5 exd5 38. Kf2 f6 39. Ke3 Kf7 40. Kd4
Kg6 41. g4 Kf7 42. b4 Ke7 43. a5 bxa5 44. bxa5 Kf7 45. a6 Ke7 46. Rc8 Kd6 47.
Rf8 Ke7 48. Rb8 Kd6 49. Rf8 Ke7 50. Rb8 Kd6 51. Rf8 1/2-1/2

[Event "World Rapid Women 2018"]
[Site "St Petersburg RUS"]
[Date "2018.12.28"]
[Round "11.60"]
[White "Maroroa, Sue"]
[Black "Kirchei, Viktoriia"]
[Result "0-1"]
[WhiteTitle "WIM"]
[WhiteElo "2120"]
[BlackElo "1972"]
[WhiteFideId "4301498"]
[BlackFideId "34133396"]
[EventDate "2018.12.26"]

1. e4 c5 2. Nf3 Nc6 3. c3 g6 4. d4 cxd4 5. cxd4 Bg7 6. Nc3 d6 7. Bb5 Bd7 8. O-O
Nf6 9. Bg5 h6 10. Bf4 O-O 11. h3 Qb6 12. e5 Nh5 13. Bh2 Nxe5 14. dxe5 Bxb5 15.
Nxb5 Qxb5 16. g4 dxe5 17. gxh5 e4 18. Ne1 gxh5 19. Qb3 Qxb3 20. axb3 Bxb2 21.
Ra5 f5 22. Ng2 b6 23. Rd5 Rad8 24. Rfd1 Rc8 25. Bf4 Rc6 26. Ne3 Rg6+ 27. Kh1 e6
28. Rd6 Rf7 29. Nc4 Bc3 30. Rd8+ Kh7 31. Be5 Rg8 32. Rxg8 Kxg8 33. Bxc3 Rc7 34.
Be5 Rc5 35. Rd8+ Kf7 36. Nd6+ Ke7 37. Re8+ Kd7 38. Bf4 Rc3 39. Kg2 Rxb3 40. Rh8
a5 41. Rh7+ Kc6 42. Nc4 Kd5 43. Ne3+ Kd4 44. Rd7+ Kc5 45. Rc7+ Kb5 46. Nc2 Rd3
47. Be5 Rd5 48. Bg7 a4 49. Nd4+ Ka6 50. Nxe6 Rd6 51. Nf4 Rd2 52. Kg3 h4+ 53.
Kxh4 Rxf2 54. Bxh6 a3 55. Nd5 a2 56. Rc1 Kb5 57. Nxb6 Rb2 58. Ra1 Kxb6 59. Bg7
Rg2 60. Be5 Kc5 61. Kh5 Kd5 62. Bc3 Rg3 63. Bd2 Rxh3+ 64. Kg5 e3 65. Rxa2 exd2
66. Rxd2+ Ke4 67. Ra2 Rg3+ 68. Kh4 Rd3 69. Ra4+ Rd4 70. Ra3 Rd3 71. Ra4+ Rd4 72.
Ra3 Kf4 73. Kh3 Re4 74. Kg2 Re2+ 75. Kf1 Re3 76. Ra4+ Kf3 77. Ra1 f4 78. Rb1 Ra3
79. Rc1 Kg3 80. Rb1 f3 81. Rc1 Ra8 82. Kg1 Ra2 83. Rb1 Rg2+ 84. Kf1 Rh2 85. Kg1
f2+ 0-1

[Event "World Rapid Women 2018"]
[Site "St Petersburg RUS"]
[Date "2018.12.28"]
[Round "11.61"]
[White "Borisova, Ekaterina"]
[Black "Aseeva, Marina"]
[Result "1/2-1/2"]
[WhiteElo "2244"]
[BlackElo "2173"]
[WhiteFideId "34124184"]
[BlackFideId "4110544"]
[EventDate "2018.12.26"]

1. d4 d5 2. c4 c6 3. Nf3 Nf6 4. g3 Bg4 5. Bg2 e6 6. Nc3 Nbd7 7. h3 Bxf3 8. Bxf3
dxc4 9. e4 Be7 10. O-O O-O 11. a4 c5 12. e5 Nd5 13. Nxd5 exd5 14. Bxd5 Nb6 15.
Bxb7 Rb8 16. dxc5 Rxb7 17. cxb6 Qxb6 18. Qe2 Qe6 19. Re1 Rfb8 20. Qg4 Qxg4 21.
hxg4 Rb3 22. Re4 Rc8 23. a5 a6 24. Kg2 Kf8 25. Ra4 Rb4 26. Ra2 Rd8 27. Be3 c3
28. Rxb4 Bxb4 29. bxc3 Bxc3 30. Bc5+ Ke8 31. f4 Rd5 32. Bb6 Rd3 33. Kf2 Kd7 34.
Ra4 f6 35. exf6 Bxf6 36. Rc4 Rc3 37. Re4 Rc2+ 38. Kf3 Rc3+ 39. Kg2 Rc2+ 40. Kh3
Ra2 41. Rc4 Ra3 42. g5 Bc3 43. Kg4 Ke6 44. f5+ Kd5 45. Rc7 Be5 46. Rc5+ Kd6 47.
Rc2 Rxg3+ 48. Kh4 Rd3 49. Bc7+ Kd5 50. Bxe5 Kxe5 51. Rc5+ Kd6 52. Rc4 Rd5 53.
Kg4 Rxa5 54. Re4 Ra1 55. Re6+ Kd7 56. Rb6 Ra4+ 57. Kf3 Ke7 58. Rb7+ Kf8 59. Ke3
a5 60. Ra7 Rg4 61. Ra8+ Kf7 62. Ra7+ Kf8 63. Rxa5 1/2-1/2